FAKTORY PODMIEŇUJÚCE EFEKTÍVNOSŤ VO VÝROBNOM PROCESE

Bibliographic Details
Main Author: Koľveková, Gabriela, 1977- (Author)
Format: Article
Language:Slovak
ISBN:8070997206

MARC

LEADER 00000naa a2200000uu 4500
001 vtls010937066
003 SK-MaSNL
005 20260302120003.0
008 210910|2001 xo |||||||||||||||||slo|
015 |a SNBRA 
035 |a (urnnbn)urn:nbn:sk:snk:ar-a0b8ml 
035 |a (uuid)f4fa36a3-99b7-4d1c-952d-5eccd0c8e246 
035 |a urn:nbn:sk:snk-aau0z2 
040 |a SNKBUCL  |b slo  |c SNKBUCL  |e AACR2 
041 0 |a slo 
044 |a xo  |c SK 
100 1 |a Koľveková, Gabriela,  |d 1977-  |4 aut  |9 203833 
245 1 0 |a FAKTORY PODMIEŇUJÚCE EFEKTÍVNOSŤ VO VÝROBNOM PROCESE  |c Gabriela Koľveková 
773 0 |t Trendy v systémoch riadenia podnikov  |d Košice : Technická univerzita], 2001  |g S. 148-151  |z 8070997206 
958 |a OND 
958 |a article11 
958 |a chapter 
999 |c 1267327  |d 1269257